ক্রুসেডের গণহত্যা: (Record no. 31956)
[ view plain ]
| 000 -LEADER | |
|---|---|
| fixed length control field | 00818nam a22002057a 4500 |
| 003 - CONTROL NUMBER IDENTIFIER | |
| control field | BDDh-ASL |
| 005 - DATE AND TIME OF LATEST TRANSACTION | |
| control field | 20231015031331.0 |
| 008 - FIXED-LENGTH DATA ELEMENTS--GENERAL INFORMATION | |
| fixed length control field | 230412s2013 b ||||| |||| 00| 0 b d |
| 040 ## - CATALOGING SOURCE | |
| Transcribing agency | BDDh-ASL |
| 041 ## - LANGUAGE CODE | |
| Language code of text/sound track or separate title | bengali |
| 082 ## - DEWEY DECIMAL CLASSIFICATION NUMBER | |
| Classification number | 364.943 |
| Item number | SIC |
| 100 1# - MAIN ENTRY--PERSONAL NAME | |
| Personal name | সিদ্দিক, মুহাম্মাদ |
| Titles and words associated with a name | ড. |
| 9 (RLIN) | 8010 |
| 245 10 - TITLE STATEMENT | |
| Title | ক্রুসেডের গণহত্যা: |
| Remainder of title | অতীত ও বর্তমান / |
| 246 ## - VARYING FORM OF TITLE | |
| Title proper/short title | Crusade Ganohottya: Otit O Bartoman. |
| 260 ## - PUBLICATION, DISTRIBUTION, ETC. | |
| Place of publication, distribution, etc. | ঢাকা: |
| Name of publisher, distributor, etc. | ঢাকা পাবলিকেশন্স, |
| Date of publication, distribution, etc. | ২০১৩। |
| 300 ## - PHYSICAL DESCRIPTION | |
| Extent | ৩৬০ পৃষ্ঠা: |
| Other physical details | ছবি; |
| Dimensions | ২২ সে.মি. |
| 650 #0 - SUBJECT ADDED ENTRY--TOPICAL TERM | |
| Topical term or geographic name entry element | Genocide (গণহত্যা) Gonohotta, Ganahotta |
| 9 (RLIN) | 6092 |
| 651 #0 - SUBJECT ADDED ENTRY--GEOGRAPHIC NAME | |
| Geographic name | Crusade (ক্রুসেড) |
| 9 (RLIN) | 8014 |
| 942 ## - ADDED ENTRY ELEMENTS (KOHA) | |
| Source of classification or shelving scheme | Dewey Decimal Classification |
| Koha item type | Books |
| Withdrawn status | Lost status | Source of classification or shelving scheme | Damaged status | Not for loan | Collection code | Home library | Current library | Shelving location | Date acquired | Source of acquisition | Total Checkouts | Full call number | Barcode | Date last seen | Copy number | Price effective from | Koha item type | Public note |
|---|---|---|---|---|---|---|---|---|---|---|---|---|---|---|---|---|---|---|
| Dewey Decimal Classification | Non-fiction | Asiatic Society Library | Asiatic Society Library | General Stacks | 04/12/2023 | Complimentary | 364.943 SIC | 120721 | 04/12/2023 | C-1 | 04/12/2023 | Books | Y-2013 |